Szczegóły MARC21

Księga przysłów, sentencji i wyrazów łacińskich używanych przez pisarzów polskich /

003 -Nazwa inst., której nr kontr. jest w polu 001 [,]
    • @
    • Nazwa instytucji, której n kontrolny jest w polu 001
    • NUKAT
005 -DATA I CZAS OSTATNIEJ MODYFIKACJI [,]
    • @
    • pole kontrolne
    • 20241231101900.0
040 -Instytucja sporządzająca opis [ , ]
    • a
    • Instytucja, która sporządziła opis (NP)
    • KAT U/czKO
    • b
    • Język katalogowania
    • pol
    • e
    • Zasady katalogowania
    • rda
    • c
    • Instytucja, która sporządziła rekord (NP)
    • KAT U/czKO
    • d
    • Instytucja, która zmodyfikowała rekord (P)
    • KAT U/czKO
    • d
    • Instytucja, która zmodyfikowała rekord (P)
    • SZCZ U/JS
    • d
    • Instytucja, która zmodyfikowała rekord (P)
    • SZCZ U/ABs
942 -Rodzaj dokumentu [ , ]
    • c
    • Rodzaj dokumentu
    • Książka
100 -Hasło główne - nazwa osobowa [1, ]
    • a
    • Nazwa osobowa (NP)
    • Czapiński, Leopold
    • d
    • Daty biograficzne (NP)
    • (1838-1911).
    • e
    • Rodzaj współpracy
    • Autor
    • 9
    • KHW
    • 394250
245 -Strefa tytułu i oznaczenia odpowiedzialności [1,0]
    • a
    • Tytuł
    • Księga przysłów, sentencji i wyrazów łacińskich używanych przez pisarzów polskich / Find
    • c
    • Pozostałe elementy strefy tytułu i oznaczenia odpowiedzialności (NP)
    • zebrał Leopold Czapiński.
260 -Strefa adresu wydawniczego [ , ]
    • a
    • Miejsce wydania (P)
    • Warszawa :
    • b
    • Nazwa wydawcy (P)
    • Wydawnictwa Artystyczne i Filmowe,
    • c
    • Data wydania (P)
    • 1987.
300 -Strefa opisu fizycznego [ , ]
    • a
    • Określenie formy książki i/lub objętość (NP)
    • [2], II, 524, 4, [2] strony ;
    • c
    • Format (NP)
    • 21 cm.
336 -Typ zawartości [ , ]
    • a
    • Termin opisujący typ zawartości
    • Tekst
    • b
    • Kod określający zawartość
    • txt
    • 2
    • Źródło (terminu i kodu)
    • rdacontent
337 -Typ mediów [ , ]
    • a
    • Tryb odtwarzania
    • Bez urządzenia pośredniczącego
    • b
    • Kod typu mediów
    • n
    • 2
    • Źródło (terminu i kodu)
    • rdamedia
338 -Typ/rodzaj nośnika [ , ]
    • a
    • Hasło opisujące typ nośnika
    • Wolumin
    • b
    • Kod typu nośnika
    • nc
    • 2
    • Źródło (terminu i kodu)
    • rdacarrier
534 -Uwaga dot. podstawy reprodukcji [ , ]
    • p
    • Określenie wprowadzające
    • Przedruk fotooffsetowy, oryginał:
    • c
    • Adres wydawniczy oryginału
    • Warszawa : Druk S. Orgelbranda Synów, 1892.
080 -Uniwersalna Klasyfikacja Dziesiętna [ , ]
    • 2
    • Identyfikator wydania tablic
    • UDC-P058
    • 9
    • UKD
    • 10179
    • a
    • Symbol klasyfikacji
    • 821.124-84
    • b
    • Dopowiedzenie
    • Literatura łacińska. - Aforyzmy. Przysłowia. Złote myśli. Przypowieści. Cytaty.
650 -Hasło przedmiotowe [ ,7]
    • a
    • Hasło przedmiotowe
    • Literatura polska
    • x
    • Określnik rzeczowy
    • wpływ łaciński.
    • 2
    • Źródło terminu
    • kaba
    • 9
    • KHW
    • 357826
650 -Hasło przedmiotowe [ ,7]
    • a
    • Hasło przedmiotowe
    • Literatura polska
    • v
    • Określnik formalny
    • cytaty.
    • 2
    • Źródło terminu
    • kaba
    • 9
    • KHW
    • 353456
655 -Hasło w funkcji tematu formalnego [ ,7]
    • a
    • Hasło
    • Przysłowia łacińskie
    • v
    • Określnik formy
    • tłumaczenia polskie.
    • 2
    • Źródło terminu
    • kaba
    • 9
    • KHW
    • 357825
655 -Hasło w funkcji tematu formalnego [ ,7]
    • a
    • Hasło
    • Cytaty łacińskie
    • v
    • Określnik formy
    • tłumaczenia polskie.
    • 2
    • Źródło terminu
    • kaba
    • 9
    • KHW
    • 357824
655 -Hasło w funkcji tematu formalnego [ ,7]
    • a
    • Hasło
    • Aforyzmy łacińskie
    • v
    • Określnik formy
    • tłumaczenia polskie.
    • 2
    • Źródło terminu
    • kaba
    • 9
    • KHW
    • 357823
980 -Symbol UKD [ , ]
    • a
    • UKD
    • 821.124-84
710 -Hasło dodatkowe - nazwa ciała zbiorowego [2, ]
    • a
    • Nazwa ciała zbiorowego lub nazwa geograficzna jako pierwszy element (NP)
    • Wydawnictwa Artystyczne i Filmowe.
    • e
    • Rodzaj współpracy
    • Wydawca
    • 4
    • Kod relacji
    • pbl
    • 9
    • KHW
    • 55948
Numer inwentarzowy Data inwentaryzacji Sygnatura Lokalizacja Status udost.
Z.68300  BG1
P.6866 POL. Przysłowia, aforyzmy 17BM1